000 00568cam a2200193 a 4500
001 000009086
005 20200929161502.0
008 840418s1940 ag 000 0 spa
035 _a(DLC) 41020867
040 _aDO-SdBNP
_cCarP
_dDLC
082 _a923.582
_bS196R
100 1 _aRojas, Ricardo,
_d1882-1957.
_923735
245 1 3 _aEl santo de la espada /
_cRicardo Rojas.
260 _aBuenos Aires :
_bLosada,
_c1940.
300 _a[1], 526 p ;
_c20 cm.
600 1 0 _aSAN MARTÍN, JOSÉ DE,
_d1778-1850
_97595
910 _aCatalogación por copia / LC
049 _aBNGR
999 _c8850
_d8850